000 00478nam a2200181Ia 4500
001 24068
003 IN-NITTTR
005 20251114233309.0
008 251113s9999||||xx |||||||||||||| ||eng||
040 _beng
040 _cIN-NITTTR
041 _aeng
082 _aR003.54 C648
245 0 _aCode division multiple access communications /
_cGlisic, Savo G., ed., Leppanen, Pentti A., ed.
700 _a Leppanen, Pentti A.
700 _aGlisic, Savo G.
942 _2ddc
_cBK
999 _c26697
_d26697